000 00676 a2200205 4500
020 _a0471055840
020 _a0471055840
040 _aDLC
_bDLC
082 0 0 _a519.6
100 1 _aChase, Warren.
245 1 0 _aGeneral statistics
_cWarren Chase, Fred Bown.
250 _a3rd ed.
260 _aNew York :
_bWiley,
_cc1997.
300 _axv, 601, 66, 41, 5 p. :
_bill. (some col.) ;
_c27 cm.
650 0 _aStatistics.
700 1 _aBown, Fred.
856 4 2 _3Publisher description
_uhttp://www.loc.gov/catdir/enhancements/fy0607/96011200-d.html
856 4 2 _3Table of contents only
_uhttp://www.loc.gov/catdir/enhancements/fy0607/96011200-t.html
942 _cBK
_k519.6 CHA
_2ddc
999 _c7698
_d7698